000 00347nam a2200145Ia 4500
008 240624s9999 xx 000 0 und d
041 _aeng
082 _a658.8 RIE
100 _aRIES AL
245 _aMARKETING WARFARE
250 _a(2nd ed.)
260 _c2015
_aNew Delhi
_bTata McGraw-Hill
300 _a2015 : p. : cm ; 28
365 _cRS
_b33
999 _c25640
_d25640